00900nam a22002417a 4500008004000000020001500040020002200055050002200077100001700099245013900116250001100255260005600266300003600322440004300358500005900401504004100460650001300501650002700514650002700541700002600568700003000594700003400624110126t usa||||| |||| 00| 0 eng d a0816615799 a0816615802 (pbk.)04aPN98.S6bC76 19881 aCros, Edmond10aTheory and practice of sociocriticism /cEdmond Cros ; Translation by Jerome Schwartz ; foreword by Jürgen Link and Ursula Link-Heer a1a ed. aMinneapolis :bUniversity of Minnesota Press,c1987 axviii, 275 p. :bil. ; c24 cm. 0aTheory and history of literature ;v53 aTraducción de: Théorie et pratique sociocritiques. aBibliografias: p. 249-26 e índice 4aCritica  4aLiteratura y sociedad  4aAnalisis del discurso 1 aSchwartz, Jeromeqtr.1 aLink, Jürgen, eprefac.1 aLink-Heer, Ursula, eprefac.